| 000 | 00658nam a22002417a 4500 | ||
|---|---|---|---|
| 001 | 14433 | ||
| 003 | BD-JhCC | ||
| 005 | 20251116111425.0 | ||
| 008 | 251116b |||||||| |||| 00| 0 eng d | ||
| 020 | _a9780141397603 | ||
| 035 | _a(BD-JhCC) 14433 | ||
| 040 |
_aBD-JhCC _dBD-JhCC |
||
| 041 | _aeng | ||
| 082 |
_223 _a821.912 _bOWE |
||
| 100 | _aOwen,Wilfred | ||
| 245 |
_aAnthen for Doomed Youth / _cWilfred Owen |
||
| 260 |
_aLondon: _bPenguin books, _c2015 |
||
| 300 |
_a52p.; _c17 cm. _ePaper |
||
| 490 |
_aPenguin Little Black Classics, _vN, 50 |
||
| 650 | _aFirst World War poets | ||
| 650 | _aEnglish poetry of the 20th century | ||
| 942 |
_2ddc _cBK |
||
| 999 |
_c14433 _d14433 |
||